000 00462nam a2200181Ia 4500
003 LK-CoDNM
008 010623t2005 xxu||||| |||| 00| 1 eng d
040 _aLK-CoDNM
_dLK-CoDNM
_eLK-CoDNM
041 _aeng
080 _a(x) 398
_bKUM
100 _aKumarasinghe, Kulatilaka
245 _aJapanese folk drama Sarachchandra drama
260 _bS.Godage
_aColombo
_c2005
300 _b105, 21.5 cm
650 _aCulture
650 _aFolk tales
942 _cBK
999 _c124371
_d124371